| 000 | 00916nam a22001697a 4500 | ||
|---|---|---|---|
| 003 | OSt | ||
| 005 | 20251113090821.0 | ||
| 008 | 251113b |||||||| |||| 00| 0 eng d | ||
| 040 | _cDCL | ||
| 082 | _a၂၉၄.၃၈၂၄၅ | ||
| 130 |
_aတိပိဋက။ _pအဘိဓမ္မာပိဋက။ _tကထာဝတ္ထု၊ _lပါဠိတော်၊ _sနိဿယ။ |
||
| 245 |
_aကထာဝတ္ထုပါဠိတော်နိဿယ / _cရာဇဂုရုဆရာတော်ကြီး။ |
||
| 264 |
_aရန်ကုန် ၊ _bစန်းမင်းတရာ ပိဋကတ်စာပေ၊ _c၁၉၇၄။ |
||
| 300 |
_a၅၅၃ စာမျက်နှာ ၊ _c၂၅ စင်တီ။ |
||
| 650 |
_aကထာဝတ္ထု _vပါဠိတော်နိဿယ။ |
||
| 942 |
_2ddc _cSHORT TERM _n0 |
||
| 999 |
_c2459 _d2459 |
||